| 000 | 00886nam a2200193 u 4500 | ||
|---|---|---|---|
| 001 | 000196288 | ||
| 003 | AM-YeHGA | ||
| 005 | 20250617123905.0 | ||
| 008 | 990114s1980 ru a||||||||||||||0|rus|d | ||
| 040 | _aAM-YeHGA | ||
| 041 | 0 | _arus | |
| 245 | 0 | 0 |
_aУсловия нефтегазоносности и особенности формирования месторождений нефти и газа на Западно-Сибирской плите : _bТруды Всесоюзного нефтяного научно-исследовательского геологоразведочного института / _cНауч. ред. Г.П. Евсеев. |
| 260 |
_aЛенинград : _bВНИИГРИ, _c1980. |
||
| 300 |
_a159 с., 19 л. ил. : _bил. |
||
| 650 | 1 | 4 | _aГеология |
| 700 | 1 |
_aЕвсеев, Г.П. _eред. _4edt |
|
| 942 |
_2udc _cBK |
||
| 090 | _c69165 | ||
| 999 |
_c68006 _d68006 |
||